Mathematics : Differential Calculus B.Sc.II, S-IV, P-VII (Major) NEP 2.0 (Record no. 1221943)

MARC details
000 -LEADER
fixed length control field 00428nam a2200157Ia 4500
008 - FIXED-LENGTH DATA ELEMENTS--GENERAL INFORMATION
fixed length control field 260520s2026 xx 000 0 und d
041 ## - LANGUAGE CODE
Language code of text/sound track or separate title eng
082 ## - DEWEY DECIMAL CLASSIFICATION NUMBER
Classification number 515.33/JAD
100 ## - MAIN ENTRY--PERSONAL NAME
Personal name Jadhav, B P
245 ## - TITLE STATEMENT
Title Mathematics : Differential Calculus B.Sc.II, S-IV, P-VII (Major) NEP 2.0
250 ## - EDITION STATEMENT
Edition statement 1st ed
260 ## - PUBLICATION, DISTRIBUTION, ETC.
Place of publication, distribution, etc. KOLHAPUR
Name of publisher, distributor, etc. Phadke Prakashan
Date of publication, distribution, etc. 2026
300 ## - PHYSICAL DESCRIPTION
Extent 124p.
500 ## - GENERAL NOTE
General note Cat No: 15228
650 ## - SUBJECT ADDED ENTRY--TOPICAL TERM
Topical term or geographic name entry element MATHEMATICS
Holdings
Withdrawn status Lost status Damaged status Not for loan Collection Home library Current library Shelving location Date acquired Source of acquisition Cost, normal purchase price Total Checkouts Full call number Barcode Date last seen Price effective from Koha item type Public note
          Dr.Patangrao Kadam Mahavidyalaya, Sangli Dr.Patangrao Kadam Mahavidyalaya, Sangli   22/04/2026 Bharati Madhyavarti Sahakari Grahak Bhandar, Pune (Best Book Supplier, Kolhapur) 65.00   515.33/JAD PKS-25327 20/05/2026 20/05/2026 Book General book section
          Dr.Patangrao Kadam Mahavidyalaya, Sangli Dr.Patangrao Kadam Mahavidyalaya, Sangli   22/04/2026 Bharati Madhyavarti Sahakari Grahak Bhandar, Pune (Best Book Supplier, Kolhapur) 65.00   515.33/JAD PKS-25328 20/05/2026 20/05/2026 Book General book section
          Dr.Patangrao Kadam Mahavidyalaya, Sangli Dr.Patangrao Kadam Mahavidyalaya, Sangli   22/04/2026 Bharati Madhyavarti Sahakari Grahak Bhandar, Pune (Best Book Supplier, Kolhapur) 65.00   515.33/JAD PKS-25329 20/05/2026 20/05/2026 Book General book section